Costs of economic growth (Record no. 24765)

MARC details
000 -LEADER
fixed length control field 00264nam a2200109Ia 4500
082 ## - DEWEY DECIMAL CLASSIFICATION NUMBER
Classification number 330.35
Item number MIS
100 ## - MAIN ENTRY--AUTHOR NAME
Personal name MISHRAN, E J
245 #0 - TITLE STATEMENT
Title Costs of economic growth
260 ## - PUBLICATION, DISTRIBUTION, ETC. (IMPRINT)
Place of publication Ontario
Name of publisher Penguin
Year of publication 1967
942 ## - ADDED ENTRY ELEMENTS (KOHA)
Koha item type Books
Holdings
Withdrawn status Lost status Damaged status Not for loan Home library Current library Date acquired Full call number Accession Number Koha item type
        RRII Library RRII Library 16/12/2021 330.35 MIS 05437 Books